Swift and the twentieth century.

Saved in:
Bibliographic Details
Main Author: Voigt, Milton
Format: Book
Language:English
Published: Detroit, Wayne State University Press, 1964.
Subjects:
LEADER 00984nam a2200277 a 4500
001 c000333917
003 CARM
005 20010531210111.0
008 791026s1964 miu b 000 0 eng d
010 |a 63018355 
019 1 |a 1531630  |5 LACONCORD2021 
035 |a (OCoLC)275753  |5 LACONCORD2021 
040 |a WASKC  |b eng  |c WASKC  |d VIT 
050 0 0 |a PR3726  |b .V6 
082 0 4 |a 827.09 
082 0 4 |a 827.5 
100 1 |a Voigt, Milton. 
245 1 0 |a Swift and the twentieth century. 
260 |a Detroit,  |b Wayne State University Press,  |c 1964. 
300 |a 205 p.  |c 24 cm. 
504 |a "Source books of Swift criticism": p. 189-190. 
504 |a Bibliographical references included in "Notes" (p. 166-188) 
600 1 0 |a Swift, Jonathan,  |d 1667-1745. 
852 8 |b CARM  |h A1:AO15G0  |i B08137  |p 0359828  |f BK 
999 f f |i f3fdd606-91a7-51f2-9829-c3931e176356  |s 977fa44a-be70-5ae9-a448-575c41bd0478 
952 f f |p Can circulate  |a CAVAL  |b CAVAL  |c CAVAL  |d CARM 1 Store  |e B08137  |f A1:AO15G0  |h Other scheme  |i book  |m 0359828